000 00259nam a22001097a 4500
008 160505b xxu||||| |||| 00| 0 eng d
020 _a0683002112
041 _aeng
080 _a611
245 1 0 _aGrant's Atlas of anatomy:
_cJames E. Anderson;
942 _2udc
_cBK
999 _c1800
_d1800